000 01193njm a22002897a 4500
005 20100914141813.0
006 a|||||r|||||00| 0
007 sd ammalaaahaa
008 100910t xxu||||| |||| 00| 0 eng d
028 _aEALP.4001
_bEMI
035 _aGR-02417
040 _aSED
_cSED
100 _aKishore Kumar
_919365
245 _aKishore Kumar /
_csung by Kishore Kumar; music by S. D. Burman; lyrics by Neeraj
_h[sound recording] :
246 _aकिशोर कुमार /
260 _aDum Dum, India
_bEMI
_c1974
300 _a1 sound disc [Gramophone Recording] :
_banalog, 33 1/3 rpm
_c12.5 in. (LP)
_fGramaphone Records
500 _aBrief record
500 _aRecord Lebels : EMI, Red
505 _aSide-1 ओ मेरी शर्मीली (O meri sharmilee) (Sharmilee) (Kishore Kumar) Side-2 ज़िन्दगी एक सफ़र है (Zindagi ek safar hai) (Andaz) (Kishore Kumar)
600 _aKishore Kumar
_919611
650 _2Excerpts.
_aHindi Film Song
_bIndia
_919366
700 _aBurman, S. D.
_919985
700 _aNeeraj
_919986
942 _2ddc
_cGR
999 _c45711
_d45711